Los entrenadores como promotores de la cohesión del equipo (Record no. 180810)

MARC details
000 -CABECERA
campo de control de longitud fija 02677nab a2200313 a 4500
005 - FECHA Y HORA DE LA ÚLTIMA TRANSACCIÓN
campo de control 20250815110751.0
008 - ELEMENTOS DE LONGITUD FIJA--INFORMACIÓN GENERAL
campo de control de longitud fija 991125c2015 sp fr p o 000 0 spa d
035 ## - NÚMERO DE CONTROL DEL SISTEMA
Número de control de sistema UPN01000208709
040 ## - FUENTE DE LA CATALOGACIÓN
Centro catalogador/agencia de origen MX-MxUPN
Lengua de catalogación spa
Centro/agencia transcriptor MX-MxUPN
Normas de descripción aacr2
049 ## - COLECCIÓN
Colección ART-E
100 1# - ASIENTO PRINCIPAL--NOMBRE PERSONAL
Nombre de persona Balaguer Solá, Isabel
100 1# - ASIENTO PRINCIPAL--NOMBRE PERSONAL
Filiación abel.Balaguer@uv.es
100 1# - ASIENTO PRINCIPAL--NOMBRE PERSONAL
Nombre de persona Castillo Fernández, Isabel
100 1# - ASIENTO PRINCIPAL--NOMBRE PERSONAL
Nombre de persona Ródenas Cuenca, Luis Tomás
100 1# - ASIENTO PRINCIPAL--NOMBRE PERSONAL
Nombre de persona Fabra López, Priscila
100 1# - ASIENTO PRINCIPAL--NOMBRE PERSONAL
Nombre de persona Duda, Joan L.
245 14 - MENCIÓN DE TÍTULO
Título Los entrenadores como promotores de la cohesión del equipo
506 0# - NOTA DE RESTRICCIONES AL ACCESO
Limitaciones de acceso Acceso abierto
520 3# - NOTA DE RESUMEN, ETC.
Sumario, etc. El objetivo del presente trabajo fue triple: 1) Estudiar las relaciones entre el clima motivacional percibido creado por el entrenador y la cohesión, 2) Poner a prueba un modelo con la siguiente secuencia: dimensiones del clima motivacional percibido  motivación autodeterminada  dimensiones de la cohesión, y 3) Estudiar el papel mediador de la motivación autodeterminada entre el clima motivacional percibido y la cohesión. Ochocientos nueve jóvenes jugadores de fútbol (798 chicos y 11 chicas; M = 11.49, DT = 1.16) completaron un paquete de cuestionarios en los que se evaluaban las variables de interés al principio de la temporada. Las correlaciones bivariadas informaron de relaciones positivas entre la percepción del clima de implicación en la tarea y ambas dimensiones de cohesión (tarea y social), mientras que el clima de implicación en el ego presentó correlaciones negativas con la cohesión de tarea. Los resultados del modelo de ecuaciones estructurales informaron que el clima-tarea se asoció positivamente con la motivación autodeterminada, mientras que el clima-ego lo hizo en sentido negativo. La motivación autodeterminada se relacionó de forma positiva tanto con la cohesión de tarea como con la cohesión social. Finalmente, la motivación autodeterminada actuó como mediador parcial entre el clima de implicación en la tarea y ambas dimensiones de la cohesión, y de mediador total entre el clima de implicación en el ego y la cohesión (tarea y social). Se enfatizan las implicaciones de las conductas de los entrenadores para la construcción de la cohesión en los equipos y para el desarrollo de la calidad de la motivación.
650 #0 - ASIENTO SECUNDARIO DE MATERIA - TERMINO TEMATICO
Término de materia o nombre geográfico como elemento de entrada Adolescentes
9 (RLIN) 1014
650 #2 - ASIENTO SECUNDARIO DE MATERIA - TERMINO TEMATICO
Término de materia o nombre geográfico como elemento de entrada Futbol (Soccer)
9 (RLIN) 17143
653 0# - TERMINO DE INDIZACION - NO CONTROLADO
Término no controlado Clima motivacional
653 0# - TERMINO DE INDIZACION - NO CONTROLADO
Término no controlado Calidad de la motivación
773 ## - ENLACE AL DOCUMENTO FUENTE/ENTRADA DE REGISTRO ANFITRIÓN
Parte(s) relacionada(s) Vol. 15, no. 1 (2015), p. 233-242
Título Cuadernos de psicología del deporte
Número Internacional Normalizado para Publicaciones Seriadas 1989-5879
856 4# - LOCALIZACIÓN Y ACCESO ELECTRÓNICOS
Identificador Uniforme del Recurso <a href="https://revistas.um.es/cpd/article/view/223441">https://revistas.um.es/cpd/article/view/223441</a>
902 ## - ELEMENTOS DE DATOS B LOCAL, LDB (RLIN)
Creó Gloria Jiménez/150825
905 ## - TIPO DE MATERIAL
Tipo de material Articulo
942 ## - ELEMENTOS DE PUNTO DE ACCESO ADICIONAL (KOHA)
Tipo de ítem Koha Artículo Electrónico
Holdings
Estado de retiro Estado de pérdida Estado dañado No para préstamo Código de colección Localización permanente Ubicación/localización actual Ubicación en estantería Fecha de adquisición Total de préstamos Fecha visto por última vez Identificador Uniforme del Recurso Precio válido a partir de Tipo de ítem Koha
        Acceso abierto Bib. Gregorio Torres Quintero Bib. Gregorio Torres Quintero En línea 15/08/2025   15/08/2025 https://revistas.um.es/cpd/article/view/223441 15/08/2025 Artículo Electrónico